歴代大老 - Statistics

General Stats
  • This quiz has been taken 48 times
  • The average score is 2 of 14
Answer Stats
なったきっかけ 名前 % Correct
諸外国の接近 井伊直弼
100%
4人連署体制で権力を強めた 酒井忠清
22%
前々職の大老と将軍の後継争いで対立し勝ったため 堀田正俊
20%
中風を理由に老中を引退しようとしたところ家光の計らいにより名誉職として大老に任命される 土井利勝
11%
老中を罷免され、大事を議する日のみの登城を命じられる 酒井忠勝
9%
1632年の大政参与にて家光の後見人に任命される 井伊直孝
7%
大老とするかどうかは諸説ある 井伊直澄
4%
日光東照宮の改修総奉行としての活躍が評価され任命された 井伊直興
4%
↑が名前を改名 井伊直該
4%
左近衛権少将に転任(この人物は大老格) 柳沢吉保
4%
不明 井伊直亮
4%
京都市中警備の功績 酒井忠績
4%
失脚したのち任命される 酒井忠世
2%
田沼意次に賄賂を積んだ 井伊直幸
2%
No matching quizzes found
Score Distribution
Percent of People with Each Score
Percentile by Number Answered
Your Score History
You have not taken this quiz